[Event "Novokuznetsk-ch"]
[Site "Novokuznetsk"]
[Date "2016.05.06"]
[Round "6"]
[White "Buts, Nikita"]
[Black "Khalimanov, Alexandr"]
[Result "1-0"]
[WhiteElo "2064"]
[BlackElo "1944"]
[PlyCount "63"]
[EventDate "2016.05.01"]
[EventType "swiss"]
[EventRounds "9"]
[EventCountry "RUS"]
[SourceTitle "CBM 172 Extra"]
[Source "ChessBase"]
[SourceDate "2016.06.21"]
[SourceVersion "1"]
[SourceVersionDate "2016.06.21"]
[SourceQuality "1"]

1. Nf3 d5 2. d4 c6 3. c4 Bf5 4. cxd5 cxd5 5. Qb3 b6 6. Nc3 Nf6 7. Bg5 e6 8. e4 dxe4 9. Bb5+ Nbd7 10. Ne5 Be7 11. Bxf6 gxf6 12. Nxd7 Bd6 13. Nxb6+ Ke7 14. Nxa8 Qxa8 15. d5 Rb8 16. Bc6 Rxb3 17. Bxa8 Rxb2 18. 0-0 Rb8 19. Bc6 Rg8 20. dxe6 fxe6 21. Bxe4 Be5 22. Bxf5 Bxc3 23. Bxh7 Rh8 24. Rab1 Kd6 25. Rfd1+ Ke5 26. Rb5+ Kf4 27. g3+ Kg4 28. Rd3 Be5 29. f3+ Kh3 30. f4 Bc7 31. Rh5+ Kg4 32. Rh4# 1-0

[Event "Novokuznetsk-ch"]
[Site "Novokuznetsk"]
[Date "2015.05.10"]
[Round "8"]
[White "Khalimanov, Alexandr"]
[Black "Nuzhdov, Vasiliy"]
[Result "1-0"]
[WhiteElo "1968"]
[BlackElo "1952"]
[PlyCount "91"]
[EventDate "2015.05.01"]
[EventType "swiss"]
[EventRounds "9"]
[EventCountry "RUS"]
[SourceTitle "CBM 166 Extra"]
[Source "ChessBase"]
[SourceDate "2015.06.18"]
[SourceVersion "1"]
[SourceVersionDate "2015.06.18"]
[SourceQuality "1"]

1. e4 c5 2. Nf3 Nc6 3. Bb5 Nd4 4. Nxd4 cxd4 5. 0-0 e5 6. c3 Bc5 7. b4 Bb6 8. a4 a6 9. Bc4 Nf6 10. d3 dxc3 11. Bg5 Bd4 12. Ra3 0-0 13. Nxc3 h6 14. Bxf6 Qxf6 15. Nd5 Qh4 16. Ne3 d6 17. Bd5 Rb8 18. Nc2 Ba7 19. d4 Bd7 20. g3 Qf6 21. dxe5 dxe5 22. Ne3 Bh3 23. Ng2 Qg5 24. Kh1 Kh8 25. Qe2 Qe7 26. Rb3 Bd7 27. b5 axb5 28. axb5 Bb6 29. f4 f6 30. Nh4 Kh7 31. f5 Rfc8 32. g4 Be8 33. g5 fxg5 34. f6 gxf6 35. Nf5 Qf8 36. Rh3 Rc5 37. Rxh6+ Qxh6 38. Nxh6 Kxh6 39. Rxf6+ Bg6 40. Rxb6 Rc1+ 41. Kg2 Rbc8 42. Bb3 R8c7 43. h4 gxh4 44. Qg4 h3+ 45. Kh2 R1c6 46. bxc6 1-0

[Event "Novokuznetsk-ch"]
[Site "Novokuznetsk"]
[Date "2015.05.06"]
[Round "6"]
[White "Chistyakov, Nikita"]
[Black "Khalimanov, Alexandr"]
[Result "0-1"]
[WhiteElo "2046"]
[BlackElo "1968"]
[PlyCount "76"]
[EventDate "2015.05.01"]
[EventType "swiss"]
[EventRounds "9"]
[EventCountry "RUS"]
[SourceTitle "CBM 166 Extra"]
[Source "ChessBase"]
[SourceDate "2015.06.18"]
[SourceVersion "1"]
[SourceVersionDate "2015.06.18"]
[SourceQuality "1"]

1. d4 d6 2. Nf3 Bg4 3. Nbd2 e6 4. b3 Nf6 5. Bb2 a5 6. e3 Nbd7 7. Be2 Be7 8. 0-0 0-0 9. Ne1 Bxe2 10. Qxe2 a4 11. Nd3 d5 12. Ne5 Bd6 13. f4 c5 14. h3 Qa5 15. a3 cxd4 16. exd4 axb3 17. cxb3 Qb6 18. b4 Nb8 19. g4 Nfd7 20. Kg2 Bxe5 21. fxe5 Nc6 22. Nb3 Ne7 23. Rac1 Ng6 24. Nc5 Nxc5 25. Rxc5 Rac8 26. Qc2 Rxc5 27. Qxc5 Qa6 28. b5 Qa4 29. Bc1 Qb3 30. b6 Nh4+ 31. Kh2 Qd3 32. Rf2 Nf3+ 33. Kg2 Nxd4 34. Bb2 Qe4+ 35. Kh2 Qxe5+ 36. Kg1 Qg3+ 37. Rg2 Qe1+ 38. Kh2 Nf3# 0-1

[Event "Novokuznetsk-ch"]
[Site "Novokuznetsk"]
[Date "2015.05.02"]
[Round "2"]
[White "Bogachev, Alexandr"]
[Black "Khalimanov, Alexandr"]
[Result "1/2-1/2"]
[WhiteElo "2094"]
[BlackElo "1968"]
[PlyCount "156"]
[EventDate "2015.05.01"]
[EventType "swiss"]
[EventRounds "9"]
[EventCountry "RUS"]
[SourceTitle "CBM 166 Extra"]
[Source "ChessBase"]
[SourceDate "2015.06.18"]
[SourceVersion "1"]
[SourceVersionDate "2015.06.18"]
[SourceQuality "1"]

1. d4 d5 2. e3 Bf5 3. Ne2 e6 4. Ng3 Bg6 5. Bd3 Bxd3 6. Qxd3 c6 7. 0-0 Nf6 8. Nd2 Nbd7 9. f4 Be7 10. Nf3 c5 11. c3 Qb6 12. Ne5 h5 13. Rf3 h4 14. Nf1 Ne4 15. Nxd7 Kxd7 16. f5 c4 17. Qc2 Raf8 18. Nd2 Ng5 19. Rf1 e5 20. b3 Rc8 21. bxc4 dxc4 22. Ne4 h3 23. g3 Nxe4 24. Qxe4 Qc6 25. d5 Qf6 26. a4 Bd6 27. a5 Rc7 28. Ra4 Rhc8 29. Bd2 Rc5 30. Rb1 R8c7 31. Rbb4 Ke8 32. Rb1 Qe7 33. Bc1 Qd7 34. Raa1 Rb5 35. Qf3 Rxb1 36. Rxb1 Qa4 37. Qe2 Qxa5 38. Qd2 b6 39. e4 b5 40. Qc2 Rb7 41. Kf2 b4 42. cxb4 Rxb4 43. Rxb4 Qxb4 44. Bd2 Qb3 45. Qc3 Bc5+ 46. Ke2 Qxc3 47. Bxc3 f6 48. Kf3 Bg1 49. Kg4 Bxh2 50. Kxh3 Bg1 51. Kg4 Bb6 52. Kh5 Kf7 53. g4 a5 54. g5 a4 55. Bb4 Bd8 56. gxf6 gxf6 57. Kg4 Bb6 58. Kf3 Bd4 59. Ke2 Bb2 60. Kd1 Ke8 61. Kc2 Bd4 62. Kb1 Kd7 63. Ka2 c3 64. Kb1 Kc7 65. Kc2 Kb6 66. Bxc3 Bc5 67. Kd3 Kb5 68. Kc2 Kc4 69. Ba1 Bb4 70. Bb2 Bc5 71. Bc3 Ba3 72. Ba1 Bb4 73. Bb2 a3 74. Ba1 Ba5 75. d6 Bb4 76. d7 Be7 77. Bc3 Bd8 78. Ba1 Be7 1/2-1/2

[Event "Novokuznetsk-ch"]
[Site "Novokuznetsk"]
[Date "2014.12.13"]
[Round "8"]
[White "Lyashenko, Anna"]
[Black "Khalimanov, Alexandr"]
[Result "1-0"]
[WhiteElo "2022"]
[BlackElo "1991"]
[PlyCount "49"]
[EventDate "2014.11.16"]
[EventType "swiss"]
[EventRounds "9"]
[EventCountry "RUS"]
[SourceTitle "EXT 2016"]
[Source "ChessBase"]
[SourceDate "2015.10.08"]
[SourceVersion "1"]
[SourceVersionDate "2015.10.08"]
[SourceQuality "1"]

1. e4 c5 2. Nf3 Nc6 3. d4 cxd4 4. Nxd4 Nf6 5. Nc3 e5 6. Ndb5 h6 7. Nd5 Nxd5 8. exd5 a6 9. dxc6 axb5 10. cxd7+ Bxd7 11. Qd5 Qb6 12. Qxe5+ Be7 13. Be3 Qc6 14. Bd3 Kf8 15. Be4 Qc4 16. Bd5 Qg4 17. 0-0 Ra6 18. Bxb7 Rg6 19. Rad1 Be8 20. Rfe1 Re6 21. Qb8 Bf6 22. Bc8 Kg8 23. Bxe6 Qxe6 24. Bc5 Qg4 25. Rxe8+ 1-0

[Event "Novokuznetsk-ch"]
[Site "Novokuznetsk"]
[Date "2014.11.22"]
[Round "2"]
[White "Khalimanov, Alexandr"]
[Black "Golovina, Darya"]
[Result "0-1"]
[WhiteElo "1991"]
[BlackElo "2081"]
[PlyCount "90"]
[EventDate "2014.11.16"]
[EventType "swiss"]
[EventRounds "9"]
[EventCountry "RUS"]
[SourceTitle "EXT 2016"]
[Source "ChessBase"]
[SourceDate "2015.10.08"]
[SourceVersion "1"]
[SourceVersionDate "2015.10.08"]
[SourceQuality "1"]

1. e4 d5 2. exd5 Qxd5 3. Nc3 Qa5 4. Nf3 Nf6 5. Be2 Bg4 6. d4 Nbd7 7. Bd2 c6 8. 0-0 e6 9. a3 Qc7 10. Re1 Bd6 11. h3 Bh5 12. b4 0-0 13. Be3 Nb6 14. Ng5 Bxe2 15. Qxe2 Bf4 16. Nge4 Nbd5 17. Nxf6+ Nxf6 18. Bxf4 Qxf4 19. Qe5 Qd2 20. Re3 Qxc2 21. Rae1 Rad8 22. Rg3 Qf5 23. Qe3 Nd5 24. Qd2 Nxc3 25. Qxc3 Rd5 26. Re5 Rxe5 27. dxe5 Rd8 28. Qe3 Rd1+ 29. Kh2 Qb1 30. Rg4 h5 31. Rg5 h4 32. g3 hxg3+ 33. Rxg3 Rh1+ 34. Kg2 Qf1+ 35. Kf3 Rxh3 36. Qg5 Qd1+ 37. Ke4 Qc2+ 38. Kf3 Rxg3+ 39. Kxg3 Qg6 40. f4 Qxg5+ 41. fxg5 Kf8 42. Kf4 Ke7 43. Ke4 f6 44. exf6+ gxf6 45. g6 Kf8 0-1

[Event "Novokuznetsk Kustov op"]
[Site "Novokuznetsk"]
[Date "2014.10.11"]
[Round "4"]
[White "Khalimanov, Alexandr"]
[Black "Popov, Yury"]
[Result "1-0"]
[WhiteElo "1931"]
[BlackElo "2024"]
[PlyCount "103"]
[EventDate "2014.09.28"]
[EventType "swiss"]
[EventRounds "9"]
[EventCountry "RUS"]
[SourceTitle "EXT 2018"]
[Source "ChessBase"]
[SourceDate "2017.10.13"]
[SourceVersion "1"]
[SourceVersionDate "2017.10.13"]
[SourceQuality "1"]

1. e4 c5 2. Nf3 Nc6 3. d4 cxd4 4. Nxd4 Nf6 5. Nc3 h6 6. Be2 d6 7. 0-0 e6 8. Be3 Be7 9. Qd2 e5 10. Nb3 Bg4 11. f3 Be6 12. Nd5 0-0 13. Rfd1 Bxd5 14. exd5 Nb8 15. c4 b6 16. Rf1 Nbd7 17. Bd3 Re8 18. Qf2 Nh7 19. Rae1 Bh4 20. g3 Bf6 21. Bc1 Rc8 22. Kh1 Bg5 23. Bd2 Bxd2 24. Nxd2 Rf8 25. Ne4 Nc5 26. Nxc5 bxc5 27. Bf5 Rb8 28. Qc2 g6 29. Bd3 f5 30. Qd2 Kg7 31. Qc3 Qf6 32. Rb1 Rf7 33. a3 Rfb7 34. b4 e4 35. Qxf6+ Nxf6 36. fxe4 fxe4 37. Bc2 cxb4 38. axb4 Rxb4 39. Ra1 R8b7 40. Ra6 Rxc4 41. Rxd6 Rf7 42. Rc6 Rd4 43. Bb3 e3 44. Re6 Ne4 45. Rxf7+ Kxf7 46. d6 Kf8 47. d7 e2 48. Rxe4 Rxe4 49. d8Q+ Kg7 50. Qg8+ Kf6 51. Qf7+ Ke5 52. Qd5+ 1-0

[Event "Novokuznetsk Kustov op"]
[Site "Novokuznetsk"]
[Date "2014.10.04"]
[Round "2"]
[White "Khalimanov, Alexandr"]
[Black "Anokhin, Viktor T"]
[Result "1/2-1/2"]
[WhiteElo "1931"]
[BlackElo "2028"]
[PlyCount "166"]
[EventDate "2014.09.28"]
[EventType "swiss"]
[EventRounds "9"]
[EventCountry "RUS"]
[SourceTitle "EXT 2018"]
[Source "ChessBase"]
[SourceDate "2017.10.13"]
[SourceVersion "1"]
[SourceVersionDate "2017.10.13"]
[SourceQuality "1"]

1. e4 c6 2. d4 d5 3. f3 e6 4. Be3 dxe4 5. fxe4 Qh4+ 6. g3 Qxe4 7. Qe2 Qd5 8. Bg2 Qa5+ 9. Nd2 Nf6 10. Ngf3 Be7 11. 0-0 0-0 12. Nc4 Qd8 13. Nce5 Nbd7 14. c4 Qa5 15. a3 c5 16. b4 cxb4 17. axb4 Qxb4 18. Rfb1 Qd6 19. c5 Qc7 20. Nxd7 Bxd7 21. Bf4 Qc8 22. Ne5 Nd5 23. Bd2 Bf6 24. Rf1 a6 25. Rf2 Bb5 26. Qe4 Qc7 27. Ba5 Qe7 28. Ng4 Bc6 29. Qd3 Bb5 30. Qe4 Bg5 31. Re1 h5 32. Ne5 Rac8 33. h4 Bf6 34. Bd2 b6 35. cxb6 Nxb6 36. Qf3 Bxe5 37. Rxe5 Nc4 38. Rxh5 Nxd2 39. Rxd2 Rfd8 40. Qe4 g6 41. Re5 Bc6 42. Qe3 Bxg2 43. Kxg2 Qb7+ 44. Kh2 Rc1 45. Rg2 Rdc8 46. d5 exd5 47. Re7 Qb1 48. Re8+ Kh7 49. Rf2 Rh1+ 50. Kg2 Qg1+ 51. Kf3 Qd1+ 52. Kg2 Qg1+ 53. Kf3 Rxe8 54. Qxe8 Qd1+ 55. Kg2 Qg1+ 56. Kf3 Kg7 57. Qe5+ Kg8 58. Qe8+ Kg7 59. Qe5+ Kh7 60. Qxd5 Qd1+ 61. Qxd1 Rxd1 62. Ra2 Rd6 63. g4 Kh6 64. Ra5 f6 65. Ke4 Kg7 66. Rc5 Kf7 67. Rc7+ Ke6 68. h5 gxh5 69. gxh5 f5+ 70. Kf4 Rd4+ 71. Kg3 Rg4+ 72. Kf3 Rh4 73. h6 Ke5 74. h7 Rh3+ 75. Kg2 Rh5 76. Kg3 Rh1 77. Kg2 Rh6 78. Kg3 Rh5 79. Ra7 Ke4 80. Re7+ Kd5 81. Kf4 Kd6 82. Ra7 Kc5 83. Rxa6 Rxh7 1/2-1/2

[Event "Novokuznetsk Kuzbass Festival"]
[Site "Novokuznetsk"]
[Date "2014.??.??"]
[Round "2"]
[White "Shilintsev, Vladimir"]
[Black "Khalimanov, Alexandr"]
[Result "1-0"]
[WhiteElo "1888"]
[BlackElo "1945"]
[PlyCount "93"]
[EventDate "2014.??.??"]
[EventType "swiss"]
[EventRounds "7"]
[EventCountry "RUS"]
[SourceTitle "EXT 2016"]
[Source "ChessBase"]
[SourceDate "2015.10.08"]
[SourceVersion "1"]
[SourceVersionDate "2015.10.08"]
[SourceQuality "1"]

1. c4 e5 2. Nc3 Nf6 3. Nf3 Nc6 4. g3 Bb4 5. Nd5 Bc5 6. Bg2 d6 7. 0-0 Bg4 8. d3 h6 9. a3 a5 10. Bd2 a4 11. Bc3 Nxd5 12. cxd5 Ne7 13. e4 0-0 14. b4 axb3 15. Qxb3 Qd7 16. Bb4 b6 17. Kh1 f5 18. h3 fxe4 19. Nxe5 dxe5 20. hxg4 Bd6 21. Bxd6 cxd6 22. dxe4 Rab8 23. f3 h5 24. Bh3 g5 25. Qe3 Rf7 26. Qxg5+ Rg7 27. Qxh5 Rh7 28. Qg5+ Kf7 29. Kg2 Rbh8 30. Rh1 Qb5 31. Qd2 Qb3 32. g5 Kg7 33. Bg4 Rxh1 34. Rxh1 Rxh1 35. Kxh1 Qxa3 36. Qc2 Qe3 37. Qc7 Qe1+ 38. Kg2 Qe2+ 39. Kh3 Qf1+ 40. Kh4 Qh1+ 41. Bh3 Kf8 42. Qxd6 Qxf3 43. Qd8+ Kf7 44. Be6+ Kg6 45. Qe8+ Kg7 46. Qxe7+ Kh8 47. Qf6+ 1-0

[Event "Novokuznetsk op"]
[Site "Novokuznetsk"]
[Date "2013.08.14"]
[Round "4"]
[White "Bureev, Danila"]
[Black "Khalimanov, Alexandr"]
[Result "1-0"]
[WhiteElo "1963"]
[BlackElo "1940"]
[PlyCount "69"]
[EventDate "2013.08.11"]
[EventType "swiss"]
[EventRounds "9"]
[EventCountry "RUS"]
[SourceTitle "CBM 156 Extra"]
[Source "ChessBase"]
[SourceDate "2013.10.22"]
[SourceVersion "1"]
[SourceVersionDate "2013.10.22"]
[SourceQuality "1"]

1. d4 Nf6 2. Nf3 e6 3. c4 d5 4. e3 c6 5. Nc3 Nbd7 6. Bd3 dxc4 7. Bxc4 b5 8. Bb3 a6 9. e4 c5 10. d5 c4 11. Bc2 e5 12. 0-0 Bd6 13. h3 h6 14. Nh4 Nc5 15. Qe2 g5 16. Nf5 Bxf5 17. exf5 Qe7 18. Re1 Kf8 19. Be3 Ncd7 20. Rad1 Rc8 21. Qd2 Nc5 22. f4 exf4 23. Bxf4 Qc7 24. Bxd6+ Qxd6 25. Qd4 Ncd7 26. Ne4 Qb6 27. Qxb6 Nxb6 28. Nxf6 Kg7 29. Nh5+ Kf8 30. f6 Rg8 31. d6 g4 32. d7 Rd8 33. Re8+ Rxe8 34. dxe8Q+ Kxe8 35. Ng7+ 1-0

[Event "Novokuznetsk-ch"]
[Site "Novokuznetsk"]
[Date "2013.05.04"]
[Round "4"]
[White "Khalimanov, Alexandr"]
[Black "Vorobyova, Alyona"]
[Result "0-1"]
[WhiteElo "1928"]
[BlackElo "2001"]
[PlyCount "132"]
[EventDate "2013.05.01"]
[EventType "swiss"]
[EventRounds "9"]
[EventCountry "RUS"]
[SourceTitle "CBM 154 Extra"]
[Source "ChessBase"]
[SourceDate "2013.06.25"]
[SourceVersion "2"]
[SourceVersionDate "2013.06.25"]
[SourceQuality "1"]

1. d4 Nf6 2. Bg5 d5 3. Bxf6 exf6 4. e3 Bd6 5. Bd3 f5 6. Qf3 g6 7. h4 h5 8. Nc3 c6 9. 0-0-0 Nd7 10. Qe2 Nf6 11. f3 Be6 12. Nh3 Bb4 13. Nb1 Qb6 14. c3 Be7 15. Ng5 Bd7 16. Rhe1 Nh7 17. Nxh7 Rxh7 18. e4 fxe4 19. fxe4 0-0-0 20. Qf2 Bg4 21. Be2 f5 22. exd5 Rxd5 23. Bxg4 hxg4 24. h5 Bg5+ 25. Kc2 Rxh5 26. Re8+ Rd8 27. Rde1 Qc7 28. Qe2 Qd7 29. Re6 Qd5 30. Rxg6 Qxa2 31. Na3 Qf7 32. Re6 Rh6 33. Qc4 Rxe6 34. Rxe6 Qc7 35. Qc5 Qf7 36. Re5 Re8 37. Qxa7 Rxe5 38. dxe5 Qd5 39. Qa8+ Kc7 40. Qe8 Qxg2+ 41. Kb1 Qh1+ 42. Ka2 Qd5+ 43. c4 Qd7 44. Qg8 Qe7 45. Nc2 Bd2 46. Nd4 Qxe5 47. Ne6+ Kd6 48. Nd8 Qe7 49. Nf7+ Kc7 50. Qg7 Bf4 51. Qg6 Qd7 52. c5 Qd5+ 53. Ka1 Qxc5 54. Qf6 Qc1+ 55. Ka2 Qc4+ 56. Kb1 Qd3+ 57. Ka2 Qd5+ 58. Kb1 Qd7 59. Nh8 Qd1+ 60. Ka2 Qd5+ 61. Kb1 Qh1+ 62. Ka2 Qd5+ 63. Kb1 g3 64. Qe7+ Qd7 65. Qe2 Qg7 66. Qf3 Bd6 0-1

[Event "Novokuznetsk Spring op"]
[Site "Novokuznetsk"]
[Date "2013.04.27"]
[Round "8"]
[White "Khalimanov, Alexandr"]
[Black "Leonov, A."]
[Result "1/2-1/2"]
[WhiteElo "1928"]
[BlackElo "2156"]
[PlyCount "120"]
[EventDate "2013.03.31"]
[EventType "swiss"]
[EventRounds "9"]
[EventCountry "RUS"]
[SourceTitle "EXT 2015"]
[Source "ChessBase"]
[SourceDate "2014.11.20"]
[SourceVersion "1"]
[SourceVersionDate "2014.11.20"]
[SourceQuality "1"]

1. e4 e5 2. Nf3 Nc6 3. Bb5 a6 4. Ba4 Bc5 5. c3 b5 6. Bb3 d6 7. d4 exd4 8. cxd4 Bb4+ 9. Nc3 Bg4 10. 0-0 Bxc3 11. bxc3 Qf6 12. Bg5 Bxf3 13. Bxf6 Bxd1 14. Bd5 Nxf6 15. Bxc6+ Ke7 16. Bxa8 Be2 17. Rfe1 Bc4 18. Bc6 Rb8 19. a4 Rb6 20. d5 Nd7 21. f4 Nb8 22. a5 Rxc6 23. dxc6 Nxc6 24. g4 Nd8 25. Kf2 c5 26. h4 Nc6 27. h5 b4 28. Reb1 Bd3 29. Re1 b3 30. Ke3 c4 31. Kd2 Na7 32. Ra4 Nc6 33. Kc1 Kd7 34. Kb2 f6 35. Re3 Bc2 36. Rxc4 Nxa5 37. Ra4 Nb7 38. Rxa6 g6 39. Ra7 Kc6 40. Rxb7 Kxb7 41. e5 fxe5 42. fxe5 Kc7 43. h6 g5 44. c4 Bd1 45. e6 Kd8 46. e7+ Ke8 47. Kc3 Bxg4 48. Kxb3 Bh5 49. Kb4 Kd7 50. Kc3 Be8 51. Kd4 g4 52. Re4 Bh5 53. Re3 Bg6 54. Kc3 Be8 55. Kd2 Bf7 56. Ke1 Ke8 57. Re4 g3 58. Kf1 d5 59. cxd5 Bxd5 60. Rg4 g2+ 1/2-1/2

[Event "Novokuznetsk Spring op"]
[Site "Novokuznetsk"]
[Date "2013.04.21"]
[Round "7"]
[White "Popov, Yury"]
[Black "Khalimanov, Alexandr"]
[Result "0-1"]
[WhiteElo "2006"]
[BlackElo "1928"]
[PlyCount "114"]
[EventDate "2013.03.31"]
[EventType "swiss"]
[EventRounds "9"]
[EventCountry "RUS"]
[SourceTitle "EXT 2015"]
[Source "ChessBase"]
[SourceDate "2014.11.20"]
[SourceVersion "1"]
[SourceVersionDate "2014.11.20"]
[SourceQuality "1"]

1. d4 Nf6 2. c4 d6 3. Nc3 g6 4. e4 Bg7 5. f3 0-0 6. Be3 Nc6 7. a3 a5 8. Bd3 e5 9. d5 Nd4 10. Nge2 c5 11. 0-0 Nh5 12. g4 Nf6 13. Bg5 h6 14. Bh4 g5 15. Bg3 Bd7 16. Nxd4 cxd4 17. Ne2 Qb6 18. Qd2 Rfc8 19. b4 axb4 20. axb4 Ne8 21. Rfe1 Bf8 22. c5 dxc5 23. bxc5 Bxc5 24. Bxe5 f6 25. Bg3 Rxa1 26. Rxa1 Nd6 27. Rb1 Qa7 28. Qb2 b5 29. Bf2 Nf7 30. Nxd4 Ne5 31. Be2 b4 32. Rf1 Qa3 33. Rb1 h5 34. h3 h4 35. Kg2 Ng6 36. Qd2 Nf4+ 37. Kh2 Bd6 38. Bf1 Rc3 39. Bg2 Rd3 40. Qb2 Qxb2 41. Rxb2 Ne2+ 42. Kh1 Rd1+ 43. Bf1 Nf4 44. Kg1 Nxh3+ 45. Kg2 Nf4+ 46. Kg1 h3 47. Be3 Be5 48. Rxb4 Rxf1+ 49. Kh2 Nd3+ 50. Kxh3 Nxb4 51. Kg2 Rd1 52. Nb3 Rd3 53. Nc5 Rxe3 54. Nxd7 Bd4 55. Nb8 Nd3 56. Nc6 Nf4+ 57. Kg3 Re2 0-1

[Event "Novokuznetsk Spring op"]
[Site "Novokuznetsk"]
[Date "2013.04.13"]
[Round "4"]
[White "Khalimanov, Alexandr"]
[Black "Kheyfets, Nataliya"]
[Result "1-0"]
[WhiteElo "1928"]
[BlackElo "1831"]
[PlyCount "49"]
[EventDate "2013.03.31"]
[EventType "swiss"]
[EventRounds "9"]
[EventCountry "RUS"]
[SourceTitle "EXT 2015"]
[Source "ChessBase"]
[SourceDate "2014.11.20"]
[SourceVersion "1"]
[SourceVersionDate "2014.11.20"]
[SourceQuality "1"]

1. e4 e6 2. d4 d5 3. Nc3 Bb4 4. Bd3 c5 5. a3 Bxc3+ 6. bxc3 Qa5 7. Bd2 c4 8. Qg4 g6 9. Be2 Nf6 10. Qf4 Nxe4 11. Nf3 Nc6 12. Ng5 Nxg5 13. Qxg5 0-0 14. h4 Qd8 15. Qh6 Qf6 16. h5 Qg7 17. hxg6 Qxg6 18. Qf4 Kh8 19. Rh5 f6 20. 0-0-0 Bd7 21. Rdh1 Rf7 22. Rh6 Qf5 23. Qh4 Rg8 24. g4 Qe4 25. Bf3 1-0

[Event "Novokuznetsk Spring op"]
[Site "Novokuznetsk"]
[Date "2013.03.31"]
[Round "1"]
[White "Zaitsev, Vadim"]
[Black "Khalimanov, Alexandr"]
[Result "1-0"]
[WhiteElo "2330"]
[BlackElo "1928"]
[PlyCount "71"]
[EventDate "2013.03.31"]
[EventType "swiss"]
[EventRounds "9"]
[EventCountry "RUS"]
[SourceTitle "EXT 2015"]
[Source "ChessBase"]
[SourceDate "2014.11.20"]
[SourceVersion "1"]
[SourceVersionDate "2014.11.20"]
[SourceQuality "1"]

1. c4 c5 2. Nc3 Nc6 3. e3 Nf6 4. d4 cxd4 5. exd4 d5 6. Nf3 Bg4 7. Be2 e6 8. c5 Be7 9. 0-0 0-0 10. Be3 b6 11. Qa4 Na5 12. b4 Nc4 13. Bxc4 Bxf3 14. Ba6 Bh5 15. Bb7 Rb8 16. c6 Bd6 17. h3 Ne4 18. Rfc1 Nxc3 19. Rxc3 Bc7 20. b5 Qd6 21. g3 f6 22. Qa3 Qd8 23. Qxa7 g5 24. Qa3 f5 25. f4 gxf4 26. Bxf4 Bxf4 27. gxf4 Qc7 28. Rg3+ Kh8 29. Qe3 Rf7 30. a4 Rg8 31. Qe5+ Rfg7 32. Rxg7 Rxg7+ 33. Kh2 Qe7 34. Rg1 Bg6 35. a5 Qb4 36. axb6 1-0

[Event "Novokuznetsk-ch"]
[Site "Novokuznetsk"]
[Date "2012.12.08"]
[Round "6"]
[White "Tsvetkov, Yury"]
[Black "Khalimanov, Alexandr"]
[Result "0-1"]
[WhiteElo "1669"]
[BlackElo "1917"]
[PlyCount "124"]
[EventDate "2012.11.18"]
[EventType "swiss"]
[EventRounds "9"]
[EventCountry "RUS"]
[SourceTitle "EXT 2014"]
[Source "ChessBase"]
[SourceDate "2013.11.20"]
[SourceVersion "1"]
[SourceVersionDate "2013.11.20"]
[SourceQuality "1"]

1. e4 g5 2. d4 Bg7 3. e5 c5 4. Bxg5 cxd4 5. f4 Qb6 6. Nf3 Nc6 7. Nbd2 f6 8. Bh4 fxe5 9. Bc4 e4 10. Ng5 Nf6 11. Ndxe4 d5 12. Nxf6+ Bxf6 13. Qh5+ Kd7 14. Bd3 Qb4+ 15. Ke2 Kc7 16. a3 Qd6 17. Bg3 h6 18. f5 Be5 19. Nf7 Qf6 20. Nxh8 Qxh8 21. Qf7 Bxg3 22. hxg3 Qe5+ 23. Kd1 Bd7 24. Re1 Qxg3 25. Qxd5 Rf8 26. Qf3 Qg5 27. g4 h5 28. Qg3+ Kc8 29. Rg1 Rg8 30. Ke2 h4 31. Qf2 e6 32. Raf1 e5 33. Be4 d3+ 34. Kxd3 Na5 35. Qc5+ Nc6 36. b4 Rd8 37. Kc3 b6 38. Qc4 Qe3+ 39. Qd3 Qg5 40. Qc4 Qe3+ 41. Bd3 Kb8 42. Re1 Qf2 43. Rgf1 Qh2 44. Be4 Nd4 45. Qd5 Rc8+ 46. Kb2 Rxc2+ 47. Ka1 Bc6 48. Qd8+ Kb7 49. Bxc6+ Rxc6 50. Qd7+ Ka6 51. b5+ Kxb5 52. Rb1+ Ka6 53. Rb2 Qh3 54. Rff2 Qxa3+ 55. Kb1 Qd3+ 56. Ka2 Rc5 57. Rb4 Ra5+ 58. Ra4 Qb3+ 59. Ka1 Rxa4+ 60. Qxa4+ Qxa4+ 61. Ra2 Qxa2+ 62. Kxa2 h3 0-1

[Event "Novokuznetsk-ch"]
[Site "Novokuznetsk"]
[Date "2011.??.??"]
[Round "1"]
[White "Khalimanov, Alexandr"]
[Black "Chernov, Mikhail"]
[Result "0-1"]
[WhiteElo "1965"]
[BlackElo "2141"]
[PlyCount "74"]
[EventDate "2011.11.19"]
[EventType "swiss"]
[EventRounds "9"]
[EventCountry "RUS"]
[SourceTitle "EXT 2013"]
[Source "ChessBase"]
[SourceDate "2012.11.22"]
[SourceVersion "1"]
[SourceVersionDate "2012.11.22"]
[SourceQuality "1"]

1. e4 Nf6 2. Nc3 d5 3. e5 Ne4 4. d3 Nxc3 5. bxc3 d4 6. Bd2 Nc6 7. f4 Bf5 8. Rb1 Rb8 9. Nf3 e6 10. Be2 dxc3 11. Bxc3 Qd5 12. Qd2 Qxa2 13. 0-0 Bc5+ 14. Kh1 Qd5 15. Ng5 h6 16. Bf3 Qd7 17. Ne4 Bb6 18. Ng3 0-0 19. Be4 Ne7 20. Bb4 c5 21. Ba5 Bxa5 22. Qxa5 b6 23. Qa6 Rbc8 24. Rfd1 Rfd8 25. h3 Rc7 26. c3 Bxe4 27. dxe4 Qxd1+ 28. Rxd1 Rxd1+ 29. Kh2 Ng6 30. Ne2 Rd2 31. Kg3 Rcd7 32. Nd4 cxd4 33. Qc8+ Nf8 34. c4 d3 35. f5 exf5 36. exf5 Re2 37. Kf3 Rxe5 0-1